European Union : EIU country report :
| Format: | Book |
|---|---|
| Published: |
London:
The Economist Intelligence Unit,
2008.
|
| Subjects: |
| LEADER | 00475cam a2200145 7i4500 | ||
|---|---|---|---|
| 001 | 0000022919 | ||
| 005 | 20090617090000.0 | ||
| 022 | 0 | 0 | |a 1365-3989 |
| 090 | 0 | 0 | |a EURO 330.9 |b EUR |
| 245 | 0 | 0 | |a European Union : |b EIU country report : |b EIU country report : |b June 2008. |
| 260 | 0 | 0 | |a London: |b The Economist Intelligence Unit, |c 2008. |
| 300 | # | # | |a 27 p. |
| 650 | 0 | 0 | |a European Union -- |x Country report |
| 651 | 0 | 0 | |a European Union |
| 999 | |a B000023184 |b Book |c Countries |e Business Information Centre | ||